| 000 | 00810cab a2200217 4500 | ||
|---|---|---|---|
| 001 | ABS43401 | ||
| 008 | 090401t1990 xxu||||| |||| 00| 0 eng d | ||
| 035 | _a(Sirsi) u41555 | ||
| 041 | _aeng | ||
| 100 | _aWebster, B. | ||
| 245 | _aStatements for written representations appeals | ||
| 260 | _c1990 | ||
| 350 | _a0 | ||
| 490 |
_aEstates Gazette _v(9035) 1 September 1990, 26-27(2) |
||
| 520 | _aAfter recent criticism that the success of many planning appeals is hindered by the poor presentation and content of written representations appeals statements , this article discusses ways in which statements can be improved, highlighting particular points of interest. | ||
| 650 | _aLOCAL AUTHORITIES | ||
| 650 | _aPLANNING | ||
| 690 | _aPLANNING LAW AND PRACTICE | ||
| 942 | _n0 | ||
| 948 | _c04/03/1997 | ||
| 999 |
_c26677 _d26677 |
||